000 01246cam a2200361 a 4500
001 3906546
003 OSt
005 20140310181802.0
008 910830s1992 enk d 000 0 eng
010 _a 91030530
020 _a0192825658 (pbk.) :
_c$8.95
020 _a0198661576 :
_c£17.95
040 _aDLC
_cDLC
_dDLC
050 0 0 _aG 3
_b.M469 1992
082 0 0 _aREF 910
_220
_b M45 1992
100 1 _aMayhew, Susan.
245 1 4 _aThe concise Oxford dictionary of geography :
_cSusan Mayhew
260 _aOxford ;
_aNew York :
_bOxford University Press,
_cc1992.
300 _a247 p. ;
_c20 cm.
440 0 _aOxford reference
490 0 _aOxford paperback reference
520 _a1. Geography--dictionaries 2. Penny, Anne
521 _aBasic Ed. Students
541 _j1
541 _j2
562 _e2
650 0 _aGeography
_xDictionaries.
700 1 _aPenny, Anne.
856 4 2 _3Contributor biographical information
_uhttp://www.loc.gov/catdir/enhancements/fy0723/91030530-b.html
906 _a7
_bcbc
_corignew
_d1
_eocip
_f19
_gy-gencatlg
942 _2lcc
_cBK-GR
_kREF
999 _c3666
_d3666